000 00420nam a2200181Ia 4500
008 210210b1914 xxu||||| |||| 00| 0 eng d
041 _aeng
082 _a425/200
100 _aMURISON (W)
245 _aPrecis writing Part II
260 _aCambridge
_bAt the University Press.
_c1914
650 _awriting
650 _aPrecis
650 _aPart
650 _aII
690 _aEnglish Grammar
906 _a005976
999 _c129035
_d129035